| 000 | 00354nam a22001457a 4500 | ||
|---|---|---|---|
| 008 | 180813b xxu||||| |||| 00| 0 eng d | ||
| 020 | _a0316943517 | ||
| 041 | _aeng | ||
| 080 | _a616.120 | ||
| 082 | _a616.120 | ||
| 100 | _a7 | ||
| 101 | _aKAR | ||
| 245 |
_aEchocardiographic diagnosis of Congenital heart disease _cWilliams.R. G |
||
| 942 |
_2udc _cBK |
||
| 999 |
_c47003 _d47003 |
||